00395nam a2200157Ia 4500008004100000020001500041082000800056100002200064245003500086250000600121260002900127300001600156500002500172650001400197700002600211230524s9999 xx 000 0 und d a8121928745 bSAR a"Sareen, Kuldeep" 0aCAD/ CAM : Theory and Concepts a1 aNew DelhibS.Chandc2010 axix; 450 p. aQuantity Number: 42 aMechanics a"Grewal, Chandandeep"